[Event "GER-chT School WK GS"]
[Site "Playchess.com INT"]
[Date "2020.06.11"]
[Round "2.2"]
[White "Tank, Julian"]
[Black "Lillich, Johannes"]
[Result "1-0"]
[WhiteElo "1603"]
[BlackElo "1385"]
[PlyCount "47"]
[EventDate "2020.06.11"]
[EventType "team-swiss (blitz)"]
[EventRounds "7"]
[EventCountry "GER"]
[SourceTitle "EXT 2021"]
[Source "ChessBase"]
[SourceDate "2020.10.23"]
[SourceVersion "1"]
[SourceVersionDate "2020.10.23"]
[SourceQuality "1"]
[WhiteTeam "Lichtenhagen MV"]
[BlackTeam "Rauch BW"]
[WhiteTeamCountry "GER"]
[BlackTeamCountry "GER"]

1. e3 e5 2. e4 Nf6 3. Nc3 Nc6 4. Bc4 Bc5 5. d3 0-0 6. Bg5 h6 7. Bh4 d6 8. h3 Be6 9. Bb5 a6 10. Bc4 Bxc4 11. dxc4 Re8 12. Nd5 Qd7 13. Bxf6 Qc8 14. Bh4 b5 15. cxb5 axb5 16. Nf3 Ra7 17. 0-0 Qa8 18. Qd3 Rxa2 19. Rxa2 Qxa2 20. Qxb5 Nd4 21. Qxe8+ Kh7 22. Qxf7 Qxb2 23. Nf6+ Kh8 24. Qg8# 1-0